Statistiques concernant pays en photos

Cliquez ici pour prendre le quiz!

Statistiques générales

  • Ce quiz a été pris 280 fois
  • Le résultat moyen est 7 sur 8

Statistiques - réponses

Réponse% Correct
France
100%
Australie
99%
Angleterre
94%
États-Unis
94%
Italie
90%
Brésil
89%
Allemagne
84%
Irlande
81%

Distribution des résultats

Percentile par nombre de réponses

% des personnes avec chaque résultat

Votre développement - résultats

Vous n’avez pas pris ce quiz